书目信息 |
| 题名: |
数字电子技术
|
|
| 作者: | 弗洛伊德 著 ;余璆 , 熊洁 改编 | |
| 分册: | ||
| 出版信息: | 北京 电子工业出版社 2017.08 |
|
| 页数: | 491页 | |
| 开本: | 26cm | |
| 丛书名: | ||
| 单 册: | ||
| 中图分类: | TN79 | |
| 科图分类: | ||
| 主题词: | 数字电路--电子技术--高等学校--教材--英文 | |
| 电子资源: | ||
| ISBN: | 978-7-121-31982-2 | |
| 000 | 01166nam0 2200301 450 | |
| 001 | 194 | |
| 005 | 20180925103947.65 | |
| 010 | @a978-7-121-31982-2@dCNY79.00 | |
| 100 | @a20171018d2017 em y0chiy50 ea | |
| 101 | 0 | @aeng@gchi |
| 102 | @aCN@b110000 | |
| 105 | @aa z 000yy | |
| 200 | 1 | @a数字电子技术@9shu zi dian zi ji shu@dDigital fundamentals@e英文版@f(美)Thomas L. Floyd著@g余璆, 熊洁改编@zeng |
| 205 | @a3版@b影印版 | |
| 210 | @a北京@c电子工业出版社@d2017.08 | |
| 215 | @a491页@c图@d26cm | |
| 300 | @a国外电子与通信教材系列 | |
| 305 | @a据原书第11版译出 由Pearson Education(培生教育出版集团)授权出版 | |
| 306 | @a本书限中国大陆发行 | |
| 330 | @a本书主要介绍了数字电子技术的基本概念、数制、逻辑门、布尔代数和逻辑化简、组合逻辑分析、组合逻辑的作用、计数器、移位寄存器、存储器、可编程逻辑与软件、数据传输、集成电路技术等。 | |
| 510 | 1 | @aDigital fundamentals@zeng |
| 606 | 0 | @a数字电路@x电子技术@x高等学校@j教材@j英文 |
| 690 | @aTN79@v5 | |
| 701 | 1 | @c(美)@a弗洛伊德@9fu luo yi de@g(Floyd, Thomas L.)@4著 |
| 702 | 0 | @a余璆@9yu qiu@4改编 |
| 702 | 0 | @a熊洁@9xiong jie@4改编 |
| 801 | 0 | @aCN@b91MARC@c20171018 |
| 905 | @aMuseLib@dTN79@e103=3 | |
| 数字电子技术=Digital fundamentals:英文版/(美)Thomas L. Floyd著/余璆, 熊洁改编.-3版,影印版.-北京:电子工业出版社,2017.08 |
| 491页:图;26cm |
| 国外电子与通信教材系列 |
| ISBN 978-7-121-31982-2:CNY79.00 |
| 本书主要介绍了数字电子技术的基本概念、数制、逻辑门、布尔代数和逻辑化简、组合逻辑分析、组合逻辑的作用、计数器、移位寄存器、存储器、可编程逻辑与软件、数据传输、集成电路技术等。 |
| ● |
| 相关链接 |
|
|
|
|
正题名:数字电子技术
索取号:TN79/103=3
 
预约/预借
| 序号 | 登录号 | 条形码 | 馆藏地/架位号 | 状态 | 备注 |
| 1 | 1118704 | 211187044 | 第二样本阅览室/ [索取号:TN79/103=3] | 在馆 | |
| 2 | 1118705 | 211187053 | 第三借阅区/ [索取号:TN79/103=3] | 在馆 | |
| 3 | 1118706 | 211187062 | 第三借阅区/ [索取号:TN79/103=3] | 在馆 | |
| 4 | 1118707 | 211187071 | 第三借阅区/ [索取号:TN79/103=3] | 在馆 | |
| 5 | 1118708 | 211187080 | 第三借阅区/ [索取号:TN79/103=3] | 在馆 |